| 000 | 00398nam a22001217a 4500 | ||
|---|---|---|---|
| 008 | 230620b xxu||||| |||| 00| 0 eng d | ||
| 082 |
_a305.8 _bRAM 1984 |
||
| 100 | _cT. G. Ramamurthi | ||
| 245 |
_aFight Against Apartheid _bIndia's Pioneering Role in the World Campaign AgaistRacial Discrimination in South Africa |
||
| 260 |
_aIndia _bABC Publishing House _c1984 |
||
| 300 | _a191p | ||
| 942 |
_2ddc _cBK |
||
| 999 |
_c1465 _d1465 |
||